000 00647nam a22001937a 4500
005 20151203151500.0
010 _aENG-114284
020 _c425.00
_a9789350354322
035 _aEN-97816
037 _bDBAD/PUB
082 _a344.54041
100 _aSiraj, Abdul Majid
245 _aLaws and the doctors /
_cby Abdul Majid Siraj; foreworded by Soli J.Sorabjee
260 _aNew Delhi
_bUniversal Law Publishing
_c2014
270 _aA-58, G.T. Karnal Road, Industrial Area
_bNew Delhi
_e110033
300 _axxxi,280p.
_c24cm(pbk)
500 _aIncludes bibliographical references and index
942 _2ddc
_cEN
_mSIR
_h344.54041
999 _c97760
_d97760